000 00584nam a2200181 i 4500
001 166852
003 ES-MaACL
005 20251011063150.0
008 940301q18901899sp |||| | spa d
040 _aAS
_bspa
080 _a821.134.2-34"18"
100 1 _aValbuena, Antonio de,
_d1844-1929
_9112452
245 1 0 _aCapullos de novela /
_cpor Antonio de Valbuena (Miguel de Escalada).
260 _aMadrid :
_bLa EspaƱa Editorial,
_c[189-?] (
_fImp. de J. Cruzado)
300 _a255 p. ;
_c18 cm.
852 _aES-MaACL
_jF-10849
_z-- Enc. hol.
999 _c166852
_d166852